Úspora tepelné energie v průmyslu

Gespeichert in:
Bibliographische Detailangaben
Format: Buch
Sprache:Tschechisch
Veröffentlicht: Praha Orbis 1950
Tags: Tag hinzufügen
Keine Tags, Fügen Sie das erste Tag hinzu!

MARC

LEADER 00000nam a2200000 4500
001 0308319
005 20250428124643.8
041 0 |a cze 
044 |a CZ 
245 1 0 |a Úspora tepelné energie v průmyslu  |c Stanislav Kozel 
264 1 |a Praha  |b Orbis  |c 1950